000 00738nam a2200217 i 4500
001 147181
003 ES-MaACL
005 20260115175630.0
007 t|
008 070924s1918 sp ||||1| cat d
100 1 _aTurró, Ramón,
_d1854-1926
_9111758
245 1 0 _aFilosofía crítica
_b: curset donat a L'Institut d'Estudis Catalans l'any 1917 /
_cper Ramón Turró.
260 _aBarcelona :
_bEdit. Catalana,
_c1918.
300 _a241 p. ;
_c16 cm.
490 1 _aEnciclopedia Catalana ;
_v4
500 _3Precede al tít.: Societa de Biología Catalana
710 2 _aSocietat de Biología Catalana.
_96827
830 0 _aEnciclopedia Catalana
_v4
_9181584
852 _aES-MaACL
_jB-13263
999 _c147181
_d147181